000 01153nam a22003617a 4500
001 000697
003 DO-SdBPM
005 20260305122441.0
007 ta
008 161115b2006 sp a ||| |||| 00| 0 spa d
020 _a842044751X
040 _aDO-SdBPM
_bspa
_cBPMSU
_erda
082 0 4 _aA863.44
_b P473n 2006
_222
100 1 _aPescetti, Luis María
_eautor
_4aut.
245 1 0 _aNatacha /
_cLuis M. Pescetti ; ilustraciones de O'Kif.
250 _a3a ed.
264 _aMadrid :
_bAlfaguara,
_c2006.
300 _a111 páginas :
_bilustraciones ;
_c20 cm.
336 _atexto
_btxt
_2rdacontent
337 _asin mediación
_bn
_2rdamedia
338 _avolumem
_bnc
_2rdacarrier
490 0 _aPróxima parada Alfaguara
500 _aIncluye datos del autor.
500 _aPara niños a partir de los 10años.
590 _aInventariado, 2026/VM
650 7 _aNovela infantil argentina.
650 7 _aCartas de amor
_vNovela infantil
650 7 _aHumorismo
_vNovela infantil.
650 7 _aRecreación
_vNovela infantil
700 1 _aO'Kif.
_eilustración
910 _aVMateo V. Control de calidad. BPMSU
942 _2ddc
_cBK
999 _c11949
_d11949